[Event "AUTO-OPEN-2583"]
[Site "http://www.queenalice.com/game.php?id=1098894"]
[Date "2012.9.2"]
[Round "2"]
[White "TomRipley"]
[Black "rsgaspar"]
[Result "1-0"]
[WhiteElo "2300"]
[BlackElo "2415"]

1. d4 d5 2. c4 e6 3. Nc3 c6 4. e4 dxe4 5. Nxe4 Bb4+ 6. Bd2 Qxd4 7. Bxb4 Qxe4+ 8.
Be2 Qxg2 9. Bf3 Qg5 10. h4 Qf5 11. Qd6 Nd7 12. O-O-O a5 13. Ba3 e5 14. Rh3 Qf4+
15. Kb1 Qxc4 16. Bg2 Qe6 17. Qc7 Ngf6 18. Rhd3 Nd5 19. Rxd5 cxd5 20. Bxd5 Qf6
21. Nf3 h6 22. Re1 a4 23. Nxe5 Nxe5 24. Bc4 1-0

[Event "AUTO-OPEN-2583"]
[Site "http://www.queenalice.com/game.php?id=1098895"]
[Date "2012.9.2"]
[Round "2"]
[White "rsgaspar"]
[Black "TomRipley"]
[Result "0-1"]
[WhiteElo "2413"]
[BlackElo "2345"]

1. e4 e5 2. Nf3 Nc6 3. Bb5 a6 4. Ba4 Nf6 5. O-O Be7 6. Re1 d6 7. c3 O-O 8. d4 b5
9. Bc2 Bg4 10. d5 Na5 11. a4 c5 12. dxc6 Nxc6 13. axb5 axb5 14. Rxa8 Qxa8 15. h3
Be6 16. b4 Rd8 17. Bd3 d5 18. Bxb5 dxe4 19. Nfd2 Na7 20. Bf1 Nc8 21. Qe2 Nd6 22.
b5 Nf5 23. g4 Nh4 24. g5 Nd7 25. Nxe4 Nc5 26. Qh5 Nd3 27. Re3 Nf4 28. Qxh4 Rd1
29. Nbd2 Rxc1 30. Kh2 Bd5 31. Bd3 Qa1 32. Nf6+ Kf8 33. Nxh7+ Ke8 34. Rxe5 Rh1+
35. Kg3 Rxh3+ 36. Qxh3 Nxh3 37. Ne4 Be6 38. Rxe6 fxe6 39. Kxh3 Qd1 0-1

[Event "murgu-2"]
[Site "http://www.queenalice.com/game.php?id=1099704"]
[Date "2012.9.4"]
[Round "4"]
[White "TomRipley"]
[Black "andrevillares"]
[Result "1-0"]
[WhiteElo "2247"]
[BlackElo "2084"]

1. d4 Nf6 2. c4 e6 3. Nc3 d5 4. e3 Be7 5. Nf3 O-O 6. Bd3 Nbd7 7. O-O b6 8. h3
Bb7 9. Re1 c5 10. b3 Rc8 11. cxd5 Nxd5 12. Nxd5 Bxd5 13. e4 Ba8 14. Ba6 Rc6 15.
Be3 Rd6 16. e5 Rc6 17. Rc1 cxd4 18. Rxc6 Bxc6 19. Nxd4 Qc7 20. Qc2 Nxe5 21. f4
Bc5 22. fxe5 Qxe5 23. Nxc6 Bxe3+ 24. Kh1 Qg3 25. Qc3 Qf2 26. Qxe3 1-0

[Event "AUTO-OPEN-2581"]
[Site "http://www.queenalice.com/game.php?id=1104825"]
[Date "2012.9.20"]
[Round "2"]
[White "sia"]
[Black "TomRipley"]
[Result "0-1"]
[WhiteElo "1890"]
[BlackElo "2254"]

1. g3 d5 2. Bg2 e5 3. b3 Nf6 4. Bb2 Nc6 5. Nf3 Bd6 6. Nc3 a6 7. O-O O-O 8. e3
Bg4 9. Qe1 Re8 10. Nh4 e4 11. Ne2 Nb4 12. Nd4 c5 13. c3 Nd3 14. Qb1 cxd4 15.
cxd4 Nxb2 16. Qxb2 Rc8 17. f3 exf3 18. Bxf3 Be6 19. d3 g5 20. Ng2 Qa5 21. a3 Qc3
22. Qb1 Bh3 23. Re1 Bxg2 24. Bxg2 Rxe3 25. Rxe3 Qxd4 26. Qe1 Ng4 27. Bxd5 Nxe3
28. Bxf7+ Kxf7 29. Qf2+ Kg6 30. Re1 Bc5 31. Rc1 Rf8 32. Qe2 Nf1+ 33. Kg2 Rf2+
34. Qxf2 Qxf2+ 35. Kh3 Qxh2+ 36. Kg4 Qxg3# 0-1

[Event "AUTO-OPEN-2581"]
[Site "http://www.queenalice.com/game.php?id=1104826"]
[Date "2012.9.20"]
[Round "2"]
[White "TomRipley"]
[Black "sia"]
[Result "1-0"]
[WhiteElo "2276"]
[BlackElo "1968"]

1. d4 e6 2. c4 Nf6 3. Nc3 Bb4 4. Nf3 Ne4 5. Qc2 d5 6. Bd2 Nxd2 7. Qxd2 dxc4 8.
e4 b5 9. a3 Bxc3 10. Qxc3 O-O 11. a4 c6 12. b3 cxb3 13. Qxb3 Qa5+ 14. Nd2 Nd7
15. Ra2 b4 16. Nc4 Qc7 17. Qxb4 c5 18. Qc3 cxd4 19. Qxd4 Qf4 20. Rd2 e5 21. Qd5
Rb8 22. Bd3 Nb6 23. Qxe5 Qxe5 24. Nxe5 Nxa4 25. Nc6 Rb7 26. Ke2 Nc3+ 27. Ke3 Re8
28. Rc1 Nd5+ 29. Kf3 Nf6 30. e5 Ng4 31. h3 Nh6 32. Ba6 Rb3+ 33. Rd3 Rxd3+ 34.
Bxd3 Bb7 35. Be4 Bxc6 36. Rxc6 g6 37. Kf4 Re7 38. g4 Kg7 39. g5 Ng8 40. h4 h6
41. Rd6 Rc7 42. e6 hxg5+ 43. hxg5 Ne7 44. Rd7 Rc4 45. Rxe7 a5 46. Rxf7+ Kg8 47.
Ke5 Rc5+ 48. Kf6 Rc4 49. Bd5 Rd4 50. e7 Rf4+ 51. Kxg6 Rxf7 52. Bxf7+ Kh8 53. Kh6
a4 54. g6 a3 55. g7# 1-0

[Event "AUTO-OPEN-2581"]
[Site "http://www.queenalice.com/game.php?id=1104829"]
[Date "2012.9.20"]
[Round "2"]
[White "Navi"]
[Black "TomRipley"]
[Result "0-1"]
[WhiteElo "2135"]
[BlackElo "2273"]

1. e4 e5 2. Nf3 Nc6 3. a3 Nf6 4. Nc3 Be7 5. Bc4 Nxe4 6. Nxe4 d5 7. Bxd5 Qxd5 8.
Nc3 Qd6 9. h3 O-O 10. O-O Qg6 11. Kh1 e4 12. Ne1 Bf5 13. Nd5 Bd6 14. Ne3 Be6 15.
d3 f5 16. f4 Qg3 17. Nc4 Bxc4 18. dxc4 Rad8 19. Qe2 Bc5 20. c3 Na5 21. Qc2 Nxc4
22. b4 Ne3 23. Bxe3 Bxe3 0-1

[Event "AUTO-OPEN-2581"]
[Site "http://www.queenalice.com/game.php?id=1104830"]
[Date "2012.9.20"]
[Round "2"]
[White "TomRipley"]
[Black "Navi"]
[Result "1/2-1/2"]
[WhiteElo "2281"]
[BlackElo "2127"]

1. d4 e6 2. c4 d5 3. e3 Nf6 4. Nc3 c5 5. Nf3 Nc6 6. Bd3 Bd6 7. O-O O-O 8. Qb3
dxc4 9. Bxc4 Na5 10. Qa4 Nxc4 11. Qxc4 cxd4 12. exd4 a6 13. Bg5 Be7 14. Ne5 Nd7
15. Bxe7 Qxe7 16. Rad1 Nxe5 17. dxe5 b5 18. Qf4 Bb7 19. Rd6 Rac8 20. Rfd1 Rfd8
21. a4 Rxd6 22. exd6 Qd7 23. axb5 axb5 24. Qb4 1/2-1/2

[Event "AUTO-MASTER-1628"]
[Site "http://www.queenalice.com/game.php?id=1114637"]
[Date "2012.10.21"]
[Round "2"]
[White "secretguy"]
[Black "TomRipley"]
[Result "0-1"]
[WhiteElo "2095"]
[BlackElo "2315"]

1. e4 h6 2. f4 e6 3. Nf3 d5 4. e5 Ne7 5. d4 Nf5 6. Bd3 c5 7. c3 Nc6 8. Bxf5 exf5
9. a3 c4 10. b3 cxb3 11. Qxb3 Qb6 12. Nbd2 Qxb3 13. Nxb3 Bd7 14. Kf2 Rc8 15. Bb2
Be7 16. h4 Bd8 17. h5 Na5 0-1

[Event "AUTO-MASTER-1628"]
[Site "http://www.queenalice.com/game.php?id=1114641"]
[Date "2012.10.21"]
[Round "2"]
[White "strutz"]
[Black "TomRipley"]
[Result "1/2-1/2"]
[WhiteElo "2321"]
[BlackElo "2271"]

1. e4 e5 2. Nf3 Nf6 3. Nxe5 d6 4. Nf3 Nxe4 5. Qe2 Qe7 6. d3 Nf6 7. Bg5 Nbd7 8.
Nc3 h6 9. Bxf6 Nxf6 10. Nb5 Kd8 11. O-O-O a6 12. Nc3 Qxe2 13. Bxe2 c6 14. h3 Be7
15. g4 d5 16. Ne5 Be6 17. d4 Nd7 18. Nxd7 Bxd7 19. Na4 Kc7 20. Nc5 Rae8 21. Rde1
Bh4 22. Nd3 Re6 23. Bd1 Re4 24. Rxe4 dxe4 25. Nc5 Bxf2 26. Nxd7 Bxd4 27. Re1
Kxd7 28. Rxe4 Bf6 29. c3 Rf8 30. a4 Kd6 31. a5 Be5 32. Kc2 g6 33. Rb4 Rb8 34.
Be2 Ke6 35. Re4 f5 36. gxf5+ gxf5 37. Rh4 Rh8 38. Bd3 f4 39. Rg4 Kd5 40. h4 Rf8
41. Rg6 1/2-1/2

[Event "AUTO-MASTER-1628"]
[Site "http://www.queenalice.com/game.php?id=1114642"]
[Date "2012.10.21"]
[Round "2"]
[White "TomRipley"]
[Black "strutz"]
[Result "1/2-1/2"]
[WhiteElo "2270"]
[BlackElo "2299"]

1. Nf3 Nf6 2. h3 d5 3. e3 c5 4. Be2 g6 5. O-O Bg7 6. d4 cxd4 7. exd4 O-O 8. c4
Nc6 9. Nc3 dxc4 10. Bxc4 a6 11. a4 Nb4 12. Qb3 Nc6 13. Ne5 e6 14. Nxc6 bxc6 15.
Rd1 Qc7 16. a5 Rb8 17. Qc2 Nd5 18. Ne4 Qa7 19. Qd3 e5 20. dxe5 Bxe5 21. Qe2 Bf5
22. Bxd5 cxd5 23. Rxd5 f6 24. Nd6 Be6 25. Rxe5 fxe5 26. Bh6 Rfd8 27. Qxe5 Qe7
28. Bf4 Rxd6 29. Qxd6 Qxd6 30. Bxd6 Rxb2 31. Rc1 Bf5 32. Rc6 Bd3 33. Rc3 Bf5 34.
f3 Rc2 35. Rb3 Ra2 36. Rb8+ Kf7 37. Bb4 Rb2 38. Rb6 1/2-1/2

[Event "AUTO-MASTER-1628"]
[Site "http://www.queenalice.com/game.php?id=1114645"]
[Date "2012.10.21"]
[Round "2"]
[White "TomRipley"]
[Black "chein"]
[Result "1-0"]
[WhiteElo "2337"]
[BlackElo "2415"]

1. d4 d5 2. c4 e6 3. Nc3 Bb4 4. e3 Nf6 5. Nf3 O-O 6. Bd3 c5 7. O-O Nc6 8. a3
Bxc3 9. bxc3 b6 10. Qa4 Bd7 11. Qc2 Na5 12. cxd5 c4 13. Be2 exd5 14. Ne5 Qc8 15.
a4 Bf5 16. Qb2 Nb3 17. Ra3 Ne4 18. Nf3 Qc7 19. Bd1 Nxc1 20. Qxc1 f6 21. Bc2 Qd7
22. Nh4 Be6 23. f4 Bg4 24. f5 Be2 25. Re1 Bd3 26. Qb2 Rab8 27. Bd1 1-0

[Event "AUTO-MASTER-1628"]
[Site "http://www.queenalice.com/game.php?id=1114646"]
[Date "2012.10.21"]
[Round "2"]
[White "chein"]
[Black "TomRipley"]
[Result "1/2-1/2"]
[WhiteElo "2418"]
[BlackElo "2334"]

1. d4 Nf6 2. c4 e6 3. Nc3 Bb4 4. Qc2 O-O 5. Nf3 d6 6. Bd2 Nbd7 7. a3 Bxc3 8.
Bxc3 Qe7 9. e4 e5 10. d5 Nc5 11. Nd2 Bd7 12. Be2 Na4 13. O-O Nxc3 14. Qxc3 h6
15. h3 c6 16. Qe3 Rfc8 17. Rac1 c5 18. Ra1 Nh7 19. Qg3 Nf8 1/2-1/2

[Event "murgu-2"]
[Site "http://www.queenalice.com/game.php?id=1134292"]
[Date "2012.12.25"]
[Round "5"]
[White "Alsina"]
[Black "TomRipley"]
[Result "1/2-1/2"]
[WhiteElo "2510"]
[BlackElo "2294"]

1. d4 Nf6 2. c4 e6 3. Nc3 d5 4. Nf3 Bb4 5. Qa4+ Nc6 6. a3 Bxc3+ 7. bxc3 O-O 8.
e3 Re8 9. Bb2 Bd7 10. Qc2 Na5 11. cxd5 exd5 12. a4 Qc8 13. Bd3 c5 14. dxc5 Nc4
15. Bxc4 dxc4 16. Nd4 Qxc5 17. O-O Ng4 18. h3 Ne5 19. Ba3 Qc7 20. Rfb1 Bc6 21.
Qf5 Bxa4 22. Bd6 Qxd6 23. Rxa4 g6 24. Qe4 Qd7 25. Ra5 Qc7 26. Raa1 Rab8 27. Nb5
Qc6 28. Qxc6 bxc6 29. Na3 Rb3 30. f4 Nd3 31. Nxc4 Rxc3 32. Nd6 Rd8 33. Ne4 Rc4
34. Nf2 Nxf2 35. Kxf2 Rd7 36. Ra3 Rc2+ 37. Kf3 c5 38. g3 c4 39. Rba1 c3 40. Rxa7
Rxa7 41. Rxa7 Rc1 42. Rc7 c2 43. Kg2 f5 44. Kh2 Kf8 45. g4 h6 46. gxf5 gxf5
1/2-1/2

[Event "AUTO-ELITE-1113"]
[Site "http://www.queenalice.com/game.php?id=1149378"]
[Date "2013.2.6"]
[Round "1"]
[White "araujox"]
[Black "TomRipley"]
[Result "0-1"]
[WhiteElo "2376"]
[BlackElo "2320"]

1. e4 e5 2. Nf3 Nf6 3. Nxe5 d6 4. Nf3 Nxe4 5. d4 d5 6. Bd3 Bd6 7. O-O O-O 8. Re1
Bf5 9. Nc3 Nxc3 10. bxc3 Bxd3 11. cxd3 Nc6 12. Bd2 b6 13. Qb3 Qd7 14. c4 dxc4
15. dxc4 Rfe8 16. h3 Ne7 17. Qd3 Ng6 18. d5 c6 19. Qb3 cxd5 20. cxd5 h6 21. Be3
Re4 22. Rad1 Rb4 23. Qd3 Rb5 24. Qc4 Ne7 25. Rd4 Rxd5 26. Bf4 Rd8 27. Rxd5 Nxd5
28. Bxd6 Qxd6 29. g3 Qc5 30. Qxc5 bxc5 31. Rc1 Rc8 32. Ne5 Nb6 0-1

[Event "AUTO-ELITE-1113"]
[Site "http://www.queenalice.com/game.php?id=1149379"]
[Date "2013.2.6"]
[Round "1"]
[White "TomRipley"]
[Black "araujox"]
[Result "1-0"]
[WhiteElo "2279"]
[BlackElo "2389"]

1. d4 d5 2. c4 c6 3. Nc3 Nf6 4. e3 e6 5. Nf3 Nbd7 6. Bd3 Be7 7. O-O Qc7 8. Bd2
dxc4 9. Bxc4 b5 10. Bd3 a6 11. Rc1 c5 12. e4 Bb7 13. e5 Nd5 14. dxc5 Nxc3 15.
Rxc3 Bd5 16. Qe2 O-O 17. b4 Bxf3 18. Qxf3 Nxe5 19. Qg3 f6 20. Bf4 1-0

[Event "AUTO-OPEN-2581"]
[Site "http://www.queenalice.com/game.php?id=1152211"]
[Date "2013.2.15"]
[Round "3"]
[White "TomRipley"]
[Black "LUKK22"]
[Result "1/2-1/2"]
[WhiteElo "2375"]
[BlackElo "2636"]

1. d4 g6 2. c4 Bg7 3. Nc3 d6 4. Nf3 Nf6 5. e4 O-O 6. Be2 c5 7. d5 Re8 8. O-O e6
9. dxe6 Bxe6 10. Bf4 Bg4 11. Qb1 Nc6 12. Rd1 Bxf3 13. Bxf3 Nd4 14. Nb5 Re6 15.
Qd3 Nxf3+ 16. gxf3 Nh5 17. Bg3 Bxb2 18. Rab1 Be5 19. Bxe5 Rxe5 20. Qxd6 Qg5+ 21.
Kh1 Nf4 22. Rg1 Qe7 23. Qxe7 Rxe7 24. Rgd1 b6 25. Rb3 f6 26. h4 g5 27. hxg5 fxg5
28. Ra3 Rf7 29. Kh2 h5 30. Ra6 h4 31. a4 Ng6 32. a5 Raf8 33. Nd6 Rd7 34. axb6
axb6 35. Rxb6 Rxf3 36. Rd5 Rxf2+ 37. Kg1 Rf6 38. Rb8+ Rf8 39. Rb6 Rg7 40. Rxg5
Ne5 41. Rxg7+ Kxg7 42. Nf5+ Kf7 43. Kg2 Nxc4 44. Rc6 Nd2 45. e5 Rh8 46. Rf6+ Ke8
47. Ng7+ Ke7 48. Nf5+ Ke8 49. Ng7+ Ke7 50. Nf5+ Ke8 1/2-1/2

[Event "AUTO-OPEN-2581"]
[Site "http://www.queenalice.com/game.php?id=1152212"]
[Date "2013.2.15"]
[Round "3"]
[White "LUKK22"]
[Black "TomRipley"]
[Result "0-1"]
[WhiteElo "2491"]
[BlackElo "2385"]

1. g4 d5 2. c4 dxc4 3. Qa4+ Qd7 4. Qxc4 Qc6 5. Qxc6+ Nxc6 6. h3 h5 7. g5 e5 8.
Bg2 Nge7 9. Nc3 Be6 10. Nf3 O-O-O 11. d3 Kb8 12. Bd2 Ng6 13. O-O f5 14. Rfd1 h4
15. Nb5 Be7 16. Nc3 Nd4 17. Kh2 Bd7 18. Rab1 Bd6 19. Kh1 Ne6 20. b4 Ngf4 21.
Bxf4 Nxf4 22. e3 Ne6 23. b5 Rh5 24. g6 f4 25. Ne4 Be7 26. Nfd2 fxe3 27. fxe3 Ng5
28. Nf2 Rh6 29. Nc4 Bf6 30. Ng4 Bxg4 31. hxg4 Rxg6 32. Kh2 Nf7 33. Bf3 Bg5 34.
Be4 Rf6 35. Rf1 Nd6 36. Kh3 Nxe4 37. dxe4 Rd3 38. Rbe1 a6 39. bxa6 Rc3 40. Nxe5
Rxa6 41. Re2 Ra4 42. Rf5 Rxe3+ 43. Rxe3 Bxe3 44. Nd7+ Kc8 45. Nc5 Bxc5 46. Rxc5
Rxe4 47. Kxh4 b6 48. Rc2 Re5 49. Kg3 g5 50. Rb2 Kb7 51. Rf2 Re3+ 52. Kh2 Ra3 53.
Kg2 c6 54. Re2 b5 55. Kf2 b4 56. Re4 c5 57. Re2 Kc6 58. Rb2 Rc3 59. Ke2 Rg3 60.
Kf2 Rxg4 61. Rb1 Rc4 62. Rb2 Rc3 63. Rd2 g4 64. Rb2 Kb5 65. Re2 c4 66. Re5+ Ka4
67. Rc5 Rc2+ 68. Ke3 b3 69. axb3+ cxb3 70. Rd5 b2 71. Rd7 g3 72. Ra7+ Kb3 73.
Rb7+ Ka2 74. Rg7 Rc3+ 75. Kf4 Ra3 76. Rxg3 Rxg3 77. Kxg3 b1=Q 78. Kf3 Qf5+ 79.
Kg3 Kb3 80. Kg2 Kc3 81. Kg3 Kd3 82. Kg2 Ke3 83. Kh2 Kf2 0-1

[Event "Challenge"]
[Site "http://www.queenalice.com/game.php?id=1205254"]
[Date "2013.8.4"]
[Round "-"]
[White "Zugswang"]
[Black "TomRipley"]
[Result "0-1"]
[WhiteElo "2174"]
[BlackElo "2369"]

1. e4 e5 2. f4 exf4 3. Nf3 h6 4. Bc4 Nc6 5. d4 g5 6. Nc3 Nf6 7. Ne5 Nxe5 8. dxe5
Ng4 9. Qxg4 d5 10. Bb5+ c6 11. Qe2 cxb5 12. Qxb5+ Qd7 13. exd5 Bg7 14. Bd2 Bxe5
15. O-O-O O-O 16. h4 Bxc3 17. Qxd7 Bxd2+ 18. Rxd2 Bxd7 19. hxg5 hxg5 20. b3 Rfe8
21. c4 Re3 22. Rh6 Rae8 23. c5 Re2 24. c6 bxc6 25. dxc6 Bf5 26. b4 Rxd2 27. Kxd2
Re6 28. Rh5 f6 29. b5 Re5 30. a4 Rc5 31. Rh1 Be4 32. Rc1 Rxc1 33. Kxc1 Kf8 34.
c7 Bb7 35. a5 Ke8 36. a6 Bxa6 37. bxa6 Kd7 38. Kd2 Kxc7 39. Kd3 Kd6 40. Ke4 Ke6
41. Kd4 f5 42. Kc5 g4 43. Kc6 f3 44. gxf3 g3 45. Kb7 Kd7 46. Kxa7 Kc7 47. Ka8 g2
48. f4 g1=R 49. Ka7 Ra1 0-1

[Event "Challenge"]
[Site "http://www.queenalice.com/game.php?id=1215631"]
[Date "2013.9.9"]
[Round "-"]
[White "TomRipley"]
[Black "trompmaster"]
[Result "1-0"]
[WhiteElo "2383"]
[BlackElo "2418"]

1. f4 d5 2. Nf3 Bf5 3. e3 e6 4. c4 c6 5. Nc3 Nd7 6. cxd5 exd5 7. Be2 Bd6 8. O-O
h6 9. Nd4 Bh7 10. d3 Ngf6 11. Qd2 Qc7 12. b3 O-O 13. Bb2 Rae8 14. Rac1 Qb8 15.
Na4 Qd8 16. Bf3 Qe7 17. Rfe1 a5 18. e4 dxe4 19. dxe4 Bb4 20. Bc3 Ba3 21. e5 Bxc1
22. Qxc1 Nd5 23. Bxd5 cxd5 24. Bxa5 Rc8 25. Qd2 Rfe8 26. Bb4 Qh4 27. Nc3 Nc5 28.
g3 Qd8 29. Bxc5 Rxc5 30. b4 Rc4 31. Ncb5 Re7 32. f5 Qb6 33. Kg2 Re8 34. a4 f6
35. e6 Qd8 36. g4 Qe7 37. Rb1 Rf8 38. Na3 Rcc8 39. a5 Rfe8 40. h3 Red8 41. Rf1
Qd6 42. Ra1 h5 43. Nab5 Qf8 44. a6 hxg4 45. hxg4 bxa6 46. Rxa6 Ra8 47. Qe1 Rxa6
48. e7 Qe8 49. Nc7 g5 50. Nxe8 Rxe8 51. b5 Ra7 52. Nc6 Ra2+ 53. Kg3 Kg7 54. Qb4
Bg8 55. b6 d4 56. b7 Bd5 57. b8=Q Bxc6 58. Qd8 Rg2+ 59. Kh3 Re2 60. Qc5 Bg2+ 61.
Kg3 Bc6 62. Qxc6 R8xe7 63. Qe6 R7xe6 64. fxe6 1-0

[Event "Challenge"]
[Site "http://www.queenalice.com/game.php?id=1215632"]
[Date "2013.9.9"]
[Round "-"]
[White "trompmaster"]
[Black "TomRipley"]
[Result "1-0"]
[WhiteElo "2425"]
[BlackElo "2396"]

1. d4 Nf6 2. Nf3 d5 3. e3 e6 4. Bd3 c5 5. b3 Nc6 6. O-O Bd6 7. Bb2 O-O 8. a3
cxd4 9. exd4 b6 10. Ne5 Qc7 11. f4 Ne4 12. c4 f6 13. Nxc6 Qxc6 14. Nc3 Nxc3 15.
Bxc3 f5 16. Qe2 Rf6 17. Bb2 Qc7 18. Qe3 Bb7 19. c5 bxc5 20. Rac1 Rg6 21. h4 Qd7
22. h5 cxd4 23. Bxd4 Rh6 24. Be2 Bxa3 25. Rc2 Bd6 26. Rfc1 Rd8 27. Bxa7 Rf8 28.
Bd4 Qe7 29. b4 Rf7 30. b5 g5 31. Be5 g4 32. Bxd6 Qxd6 33. Qe5 Qb6+ 34. Rc5 Rxh5
35. Bxg4 Rh6 36. Be2 Rf8 37. Bf3 Rc8 38. Qd4 Rc7 39. Qf2 Rxc5 40. Qxc5 Qxc5+ 41.
Rxc5 Rg6 42. Kf2 Rg7 43. Ke3 Rd7 44. Kd4 Kf7 45. Ke5 Ke7 46. b6 Rd6 47. Rc7+ Rd7
48. Rxd7+ Kxd7 49. Be2 Kc6 50. Kxe6 Bc8+ 51. Ke5 Kxb6 52. Bf3 d4 53. Kxd4 Kc7
54. Ke5 Kd8 55. Be2 Ke7 56. Bd3 Bb7 57. g3 Be4 58. Bxe4 fxe4 59. Kxe4 Kf6 60. g4
1-0